Formy obstarania nehnuteľností pre MSP

Efektívne rozhodovanie podnikateľských subjektov ako financovať obstaranie nehnuteľností. Rôzne formy obstarania. Využitie vlastných alebo externých zdrojov. Charakteristika leasingu nehnuteľností jeho výhody. Leasing ako zatiaľ málo využívaný spôsob obstarania nehnuteľností.

Guardado en:
Detalles Bibliográficos
Autor principal: Kováčová, Eva
Otros Autores: Vargová, Adriana
Formato: Capítulo de libro
Lenguaje:eslovaco
Materias:
Etiquetas: Agregar Etiqueta
Sin Etiquetas, Sea el primero en etiquetar este registro!

MARC

LEADER 00000naa$a2200000$$$4500
001 0063999
005 20240502071739.5
041 0 |a slo 
044 |a SK 
245 1 0 |a Formy obstarania nehnuteľností pre MSP  |c Eva Kováčová, Adriana Vargová 
520 |a Efektívne rozhodovanie podnikateľských subjektov ako financovať obstaranie nehnuteľností. Rôzne formy obstarania. Využitie vlastných alebo externých zdrojov. Charakteristika leasingu nehnuteľností jeho výhody. Leasing ako zatiaľ málo využívaný spôsob obstarania nehnuteľností. 
610 2 0 |a lízing 
610 2 0 |a nehnuteľnosti 
610 2 0 |a financovanie 
610 2 0 |a podnik malý 
610 2 0 |a podnik stredný 
100 1 |a Kováčová, Eva 
700 1 |a Vargová, Adriana